000
00208 a2200097 4500
001
46372
100
_a
245
_a
The weather map
260
_a
London
_b
His Majesty's Stationary
_c
090
_c
29492
_d
29492
942
_a
NUST-CAE
_c
M
_c
21660
999
_c
281445
_d
281445